Normale Ansicht MARC-Ansicht ISBD

Putešestvie iz Peterburga v Moskvu (Titelsatznr. 46823)

[ MARC ]
MARC-Details
000 -Satzkennung
Kontrollfeld mit fester Länge 00685nam a22001811cc4500
001 - Kontrollnummer
Kontrollfeld a987677397+Kniga1
035 ## - Systemkontrollnummer
System-Kontrollnummer a987677397
008 - Feld mit fester Länge zur physischen Beschreibung - Allgemeine Angaben
Kontrollfeld mit fester Länge 170707s2015 gw a||| 000u rus d
020 ## - Internationale Standardbuchnummer
Internationale Standardbuchnummer 9785971009849
Verknüpfung 978-59710-0984-9
040 ## - Katalogisierungsquelle
Übertragungsstelle RU-10907106
003 - Kontrollnummer Identifier
Kontrollfeld RU-10907106
245 00 - Titel
Titel Putešestvie iz Peterburga v Moskvu
Zählung des Teils/der Abteilung eines Werkes Kniga 1
Titel eines Teils/einer Abteilung eines Werkes Dva stoletija rossijskoj istorii meždu Moskvoj i Sankt-Peterburgom
264 ## - Produktion, Veröffentlichung, Distribution, Herstellung und Urheberrechtsvermerk
Herstellungs-, Veröffentlichungs- Vertriebs-, Erzeugungsort Moskva :
Produzent, Herausgeber, Distributor, Hersteller URSS,
Datum der Herstellung, der Veröffentlichung, des Vertriebs oder des Urheberschutzvermerks 2015
246 12 - Titelvarianten
Hauptsachtitel/Kurztitel Putešestvie iz Peterburga v Moskvu : 222 goda spustja. Dva stoletija rossijskoj istorii meždu Moskvoj i Sankt-Peterburgom
Zählung des Teils/der Abteilung eines Werkes Kniga 1
300 ## - Physische Beschreibung
Umfang 230 S.: graph. Darst., Ill., Kt.
773 08 - Übergeordnete Einheit
Datensatzkontrollnummer a987677397
Zählung und erste Seite Kniga1
942 ## - Zusätzliche Felder (Koha)
Koha-Medientyp Monographien
Exemplare
Ausgeschieden Verloren Klassifikation oder Aufstellungssystematik Beschädigt Nicht entleihbar Heimatbibliothek Aufenthaltsbibliothek Aufstellungsort Erwerbungsdatum Inventarnummer Signatur Barcode Letzte Aktivität Preis gültig von Koha-Medientyp
    Andere/Generische Klassifikation     MWN Osteuropa MWN Osteuropa Magazin - 2 07/07/2017 16-03382 Ersatzß R 72 f Nef 1 (1) E0040150790B9FBF 02/10/2020 22/03/2021 Monographien